| 000 | 00459nam a22001337a 4500 | ||
|---|---|---|---|
| 999 |
_c130216 _d130216 |
||
| 008 | 200130b ||||| |||| 00| 0 eng d | ||
| 050 |
_aDA522.H6 _bK46 1975 |
||
| 100 |
_aKeppel, Sonia _949151 |
||
| 245 |
_aThe sovereign lady _ba lady of Elizabeth vassall, third Lady Holland, with her family _cSonia Keppel |
||
| 260 |
_aLondon _bHamish Hamilton _c1974 |
||
| 300 |
_axvi, 407p. ; _c23cm. |
||
| 600 |
_aHolland, Elizabeth vassal _949152 |
||
| 942 |
_2lcc _cMONOGRAPH |
||